000 00488 a2200193 4500
260 _bEdition mir . moscou
245 _aprincipes fondamentaux de la mécanique
300 _a224p
650 _aMecanique : principe
260 _c1981
300 _b23cm
100 _lFr
630 _a62 Ingénerie art de l'ingénieur. technologie en géneral
037 _aS 1223
650 _a6 SCIENCES APPLIQUEES. MEDECINE. TECHNOLOGIE
100 _aIrodov I.
999 _c43939
_d43939